000 00774nam a2200253Ia 4500
003 OSt
005 20220918222234.0
006 a|||||r|||| 00| 0
007 ta
008 220917b |||||||| |||| 00| 0 eng d
024 _a216,161
037 _cTextual
040 _aARTS
_cARTS
_beng
041 _2eng
_aeng
082 _a/\73xE58:g, P1
100 _aGianotti Timothy J.
_9142565
245 0 _aAL-ghazali's unspeakable doctrine of the soul
_b Unveiling the esoteric Psychology and Eschatology of the Ihya
260 _aLeiden
_bBrill
_c2001
300 _axi, 205p
_ccm.
490 _aBrill's studies in intellectual history
650 _aSPIRITUALISM
942 _h/\73xE58:g, P1
_cTEXL
_2CC
999 _c274910
_d274910